| 000 | 00522nam a22001697a 4500 | ||
|---|---|---|---|
| 020 | _a9054102101 | ||
| 022 | _a9054102101 | ||
| 082 |
_a627.8 _bSHR _cL-37, P-111 |
||
| 100 |
_aArvind V Shroff _943324 |
||
| 110 |
_aA.A Balkema / Rotterdam / Brookfiled / 1993 _943325 |
||
| 245 |
_aGrouting Technology _bIn Tunneling and Dam Construction _cA.A Balkema / Rotterdam / Brookfiled / 1993 |
||
| 260 | _c1993 | ||
| 300 |
_aP-404 _bIllus |
||
| 526 |
_a0 _b0 _c0 _d627_800000000000000_SHR |
||
| 650 |
_aMCE _9379 |
||
| 942 |
_2ddc _cBK |
||
| 999 |
_c547154 _d547154 |
||